[Event "ECC"]
[Site "Rethymnon GRE"]
[Date "2003.09.30"]
[Round "3"]
[White "Parker,J"]
[Black "Rasmussen,K"]
[Result "1-0"]
[WhiteElo "2541"]
[BlackElo "2437"]
[EventDate "2003.09.28"]

1. d4 d5 2. c4 c6 3. Nf3 Nf6 4. e3 a6 5. Bd3 Bg4 6. Qb3 Bxf3 7. gxf3 Qc7 8.
Nc3 dxc4 9. Bxc4 e6 10. Bd2 Be7 11. Rc1 O-O 12. Ne4 Nbd7 13. Qc2 e5 14.
Nxf6+ Nxf6 15. Bc3 Bd6 16. Qf5 Nd7 17. Rd1 b5 18. Bb3 Rae8 19. Rg1 b4 20.
dxe5 Nxe5 21. Bxe5 Bxe5 22. Rd7 Qb8 23. Rg5 Bf4 24. Bxf7+ Kh8 25. Rxg7 Kxg7
26. Bxe8+ Kg8 27. Qxh7+ 1-0

[Event "ECC"]
[Site "Rethymnon GRE"]
[Date "2003.09.30"]
[Round "3"]
[White "Christensen,To"]
[Black "Kelly,B"]
[Result "0-1"]
[WhiteElo "2371"]
[BlackElo "2487"]
[EventDate "2003.09.28"]

1. e4 e6 2. d4 d5 3. exd5 exd5 4. Nf3 Nf6 5. c4 Be7 6. Nc3 O-O 7. Be3 Nc6
8. Be2 dxc4 9. Bxc4 Bg4 10. O-O Na5 11. Bd3 Re8 12. Rc1 a6 13. h3 Bh5 14.
a3 Bd6 15. b4 Nc6 16. Bc4 Qd7 17. d5 Bxf3 18. Qxf3 Ne5 19. Qe2 Qf5 20. Rfd1
Nxc4 21. Qxc4 Qe5 22. g3 Qh5 23. Kg2 Rxe3 24. fxe3 Qg5 25. Ne4 Nxe4 26.
Qxe4 Qxg3+ 27. Kf1 Qxh3+ 28. Ke2 Qh2+ 29. Kd3 Qb2 30. Rc3 a5 31. bxa5 Qb5+
32. Kc2 Qxa5 33. Rh1 g6 34. Rh4 Qb5 35. a4 Qe2+ 36. Kb3 b5 37. Qc2 bxa4+
38. Ka2 Qe1 39. Re4 a3 40. Rb3 Qh1 41. Rd4 Re8 42. e4 h5 43. Rb1 Qf3 44.
Rb3 Qf6 45. Rd2 Qe5 46. Re2 Kg7 0-1

[Event "ECC"]
[Site "Rethymnon GRE"]
[Date "2003.09.30"]
[Round "3"]
[White "Dishman,S"]
[Black "Ochsner,T"]
[Result "1/2-1/2"]
[WhiteElo "2323"]
[BlackElo "2362"]
[EventDate "2003.09.28"]

1. d4 e6 2. e4 d5 3. e5 c5 4. Nf3 Nc6 5. Bd3 cxd4 6. O-O f6 7. Bb5 Bd7 8.
Bxc6 bxc6 9. Qxd4 Qb6 10. Qf4 Qb4 11. Qg3 Ne7 12. c3 Qb8 13. Re1 Ng6 14. h4
Nxe5 15. Nxe5 fxe5 16. b3 Kf7 17. Rxe5 Bd6 18. Bf4 Rf8 19. Rf5+ exf5 20.
Bxd6 Qd8 21. Bxf8 Kxf8 22. Nd2 Qf6 23. Re1 f4 24. Qd3 Bf5 25. Qd4 Qxd4 26.
cxd4 a5 27. a3 Re8 28. Rxe8+ Kxe8 29. g3 fxg3 30. fxg3 Kd7 31. Kf2 Kd6 32.
Ke3 c5 33. dxc5+ Kxc5 34. Nf3 Bd7 35. Kd3 h6 36. Kc3 Bg4 37. b4+ axb4+ 38.
axb4+ Kb5 39. Nd4+ Ka4 40. Nc2 Bf5 41. Ne3 Be6 42. Kd4 Kxb4 43. Nxd5+ Kb3
44. Nf4 Bg4 45. Nd5 g5 46. Ne3 gxh4 47. gxh4 Be2 48. Nf5 h5 49. Ng3 Bf1
1/2-1/2

[Event "ECC"]
[Site "Rethymnon GRE"]
[Date "2003.09.30"]
[Round "3"]
[White "Hellsten,J"]
[Black "Cicak,S"]
[Result "1/2-1/2"]
[WhiteElo "2511"]
[BlackElo "2530"]
[EventDate "2003.09.28"]

1. d4 g6 2. Nf3 Bg7 3. c4 d6 4. Nc3 Nc6 5. d5 Ne5 6. Nxe5 Bxe5 7. e4 Bg7 8.
Be2 e6 9. h4 h5 10. Bg5 Bf6 11. Qd2 e5 12. O-O-O Be7 13. Rdf1 Nf6 14. f4
Nd7 15. f5 Nb6 16. Bd1 Bd7 17. fxg6 fxg6 18. g3 1/2-1/2

[Event "ECC"]
[Site "Rethymnon GRE"]
[Date "2003.09.30"]
[Round "3"]
[White "Rasik,V"]
[Black "Brynell,S"]
[Result "1-0"]
[WhiteElo "2466"]
[BlackElo "2511"]
[EventDate "2003.09.28"]

1. e4 e6 2. d4 d5 3. Nd2 c5 4. Ngf3 Nf6 5. e5 Nfd7 6. c3 Nc6 7. Bd3 g6 8.
O-O Bg7 9. Re1 O-O 10. b3 f6 11. exf6 Qxf6 12. Ba3 Rf7 13. Qe2 cxd4 14.
cxd4 Nxd4 15. Nxd4 Qxd4 16. Nf3 Qf4 17. Rad1 Nf8 18. h4 Bd7 19. Ng5 Qxh4
20. Nxf7 Kxf7 21. Bb5 Qd8 22. Bxf8 Bxf8 23. Rd3 Bc8 24. Rc1 a6 25. Rf3+ Kg8
26. Rfc3 Kh8 27. Qe5+ Bg7 28. Qc7 Qg8 29. Qxc8 Rxc8 30. Rxc8 Bf8 31. Bf1 b5
32. R1c7 e5 33. g3 e4 34. Bh3 1-0

[Event "ECC"]
[Site "Rethymnon GRE"]
[Date "2003.09.30"]
[Round "3"]
[White "Ahlander,B"]
[Black "Langner,L"]
[Result "1/2-1/2"]
[WhiteElo "2393"]
[BlackElo "2403"]
[EventDate "2003.09.28"]

1. d4 Nf6 2. c4 c5 3. d5 e5 4. Nc3 d6 5. e4 Nbd7 6. Nf3 h6 7. Be2 Be7 8.
O-O g5 9. Rb1 Nf8 10. b4 cxb4 11. Qa4+ N6d7 12. Qxb4 Ng6 13. g3 Nc5 14. Nd2
O-O 15. Nb3 f5 16. exf5 Na6 17. Qa3 Bxf5 18. Rb2 Qc8 19. Na5 Nc5 20. Na4 b6
21. Nc6 Bf6 22. Nxc5 dxc5 23. Rd2 Qc7 24. Bb2 e4 25. Re1 Qg7 26. Bxf6 Rxf6
27. Bh5 Rxc6 28. dxc6 Ne5 29. Rd5 g4 30. Red1 Rf8 31. Rxe5 Qxe5 32. Qe3 Kg7
33. Rd5 Qc7 34. Qd2 Be6 35. Rd6 Rf6 36. Be8 e3 37. fxe3 Qe7 38. Bd7 Bxc4
39. Rxf6 Qxf6 40. Qd1 h5 41. Bxg4 Qxc6 42. Bxh5 Qe4 43. Kf2 Bxa2 44. Qa1+
Kh6 45. g4 Qc2+ 46. Kg3 Kh7 47. Qe5 Qe2 48. Qc7+ Kh6 49. Qf4+ Kg7 50. Qe5+
Kh7 51. Qe7+ Kh6 52. Qf6+ Kh7 53. Qg6+ Kh8 54. Qe8+ Kg7 55. Qg6+ Kf8 56.
Qe8+ Kg7 57. Qe7+ Kh6 58. h4 Qe1+ 59. Kh3 Qf1+ 60. Kg3 Qg1+ 61. Kh3 Qf1+
62. Kg3 Qg1+ 63. Kh3 1/2-1/2

[Event "ECC"]
[Site "Rethymnon GRE"]
[Date "2003.09.30"]
[Round "3"]
[White "Nedela,V"]
[Black "Eriksson,Mag1"]
[Result "0-1"]
[WhiteElo "2381"]
[BlackElo "2322"]
[EventDate "2003.09.28"]

1. e4 c5 2. Nf3 e6 3. d3 d5 4. Nbd2 Nf6 5. g3 b6 6. Bg2 dxe4 7. dxe4 Bb7 8.
e5 Nd5 9. O-O Nd7 10. Re1 Rc8 11. Bf1 h6 12. c3 a6 13. a4 Be7 14. Qb3 g5
15. h3 Rg8 16. Bg2 Bc6 17. Nc4 Rb8 18. Qc2 Rg6 19. Nfd2 b5 20. axb5 axb5
21. Ne3 Nxe3 22. Rxe3 Bxg2 23. Kxg2 Ra8 24. Rxa8 Qxa8+ 25. f3 h5 26. g4
hxg4 27. hxg4 Rh6 28. c4 b4 29. Qe4 Qxe4 30. Rxe4 Bd8 31. b3 Ke7 32. Bb2
Rh8 33. Re2 Re8 34. Kf2 Nb8 35. Ne4 Nc6 36. Ke3 Rh8 37. Nd2 Rh1 38. Ke4 Kd7
39. f4 gxf4 40. Kxf4 Rh3 41. Nf3 Na5 42. Rd2+ Kc7 43. Rd3 Rh1 44. Nd2 Rd1
45. Ke4 Kc6 46. Nf3 Rxd3 47. Kxd3 Nxb3 48. Kc2 Na5 49. Kd3 Kb6 50. Ba1 Nb3
51. Bb2 Ka5 52. Kc2 Kb6 53. Kd3 Na5 54. Nd2 Be7 55. Kc2 Bh4 0-1

[Event "ECC"]
[Site "Rethymnon GRE"]
[Date "2003.09.30"]
[Round "3"]
[White "Schneider,S"]
[Black "Sikora Lerch,J"]
[Result "1-0"]
[WhiteElo "2319"]
[BlackElo "2324"]
[EventDate "2003.09.28"]

1. d4 c5 2. d5 Nf6 3. c4 e6 4. Nc3 exd5 5. cxd5 d6 6. Nf3 g6 7. Bf4 a6 8.
e4 Bg7 9. Qa4+ Bd7 10. Qb3 Bc8 11. a4 O-O 12. Be2 Nh5 13. Bg5 Qc7 14. h3
Nd7 15. O-O Re8 16. Rae1 Rb8 17. Nd2 Nhf6 18. Bf4 Re7 19. Nc4 Ne8 20. Bg5
f6 21. Bf4 Ne5 22. Nb6 f5 23. Bg5 Nf6 24. f4 Nf7 25. e5 dxe5 26. Nc4 1-0

[Event "ECC"]
[Site "Rethymnon GRE"]
[Date "2003.09.30"]
[Round "3"]
[White "Walek,M"]
[Black "Carlsson,D"]
[Result "1-0"]
[WhiteElo "2332"]
[BlackElo "2301"]
[EventDate "2003.09.28"]

1. e4 c5 2. Nf3 d6 3. d4 cxd4 4. Nxd4 Nf6 5. Nc3 g6 6. Be3 Bg7 7. Be2 Nc6
8. Nb3 O-O 9. O-O Be6 10. f4 Na5 11. f5 Bc4 12. Bd3 d5 13. Nxa5 Qxa5 14. e5
Ne4 15. Nxe4 Bxd3 16. cxd3 dxe4 17. f6 Bh8 18. fxe7 Rfe8 19. Qb3 Rxe7 20.
d4 Qb6 21. Qa3 Rc7 22. Rac1 Rac8 23. d5 Qa6 24. Qxa6 bxa6 25. Rxc7 Rxc7 26.
d6 Rd7 27. Bd4 f6 28. exf6 Kf7 29. Be5 e3 30. Rf3 Rd8 31. Rxe3 Re8 32. d7
Rd8 33. Rd3 Ke6 34. Bc3 a5 35. Re3+ Kd6 36. Re8 Bxf6 37. Bxf6 Rxd7 38. Rd8
Rxd8 39. Bxd8 a4 40. Kf2 Kd5 41. Ke3 Kc4 42. Kf4 Kd3 43. Kg5 Kc2 44. Bf6 a3
45. bxa3 Kb1 46. Kh6 Kc2 47. Kxh7 1-0

[Event "ECC"]
[Site "Rethymnon GRE"]
[Date "2003.09.30"]
[Round "3"]
[White "Boidman,Y"]
[Black "Nikolaidis,I"]
[Result "0-1"]
[WhiteElo "2407"]
[BlackElo "2478"]
[EventDate "2003.09.28"]

1. e4 c5 2. Nf3 e6 3. g3 Nc6 4. Bg2 Nf6 5. d3 d5 6. Nbd2 Be7 7. O-O b6 8.
e5 Nd7 9. Re1 Qc7 10. Qe2 g5 11. h3 h5 12. g4 Bb7 13. Nf1 hxg4 14. hxg4 Nd4
15. Nxd4 cxd4 16. Nh2 Rxh2 17. Kxh2 Nxe5 18. Kg1 Ng6 19. c3 dxc3 20. bxc3
Qxc3 21. Bb2 Qb4 22. Be5 Nxe5 23. Qxe5 Qd6 24. Qg7 Qf4 25. Rac1 Bf6 26. Qh7
Bd4 27. Rc2 Kd7 28. Rec1 Rh8 29. Rc7+ Ke8 30. Qxf7+ Qxf7 31. Rxf7 Kxf7 32.
Rc7+ Kg6 33. Rxb7 Rf8 34. Rxa7 Rxf2 35. Kh2 Be5+ 36. Kg1 Rf4 37. a4 Rxg4
38. a5 Bd4+ 39. Kh2 Rh4+ 40. Kg3 Rf4 41. Bf3 bxa5 42. Ra6 Kf5 43. Rxa5 g4
44. Be4+ Ke5 45. Bh7 Bf2+ 46. Kg2 Rf7 47. Bg6 Rg7 48. Bh5 Be3 49. Ra4 Bf4
50. Ra6 Kf5 51. Ra8 Kg5 52. Rh8 Rb7 53. Be8 Rb2+ 54. Kh1 g3 55. Rg8+ Kf6
56. d4 Ke7 57. Bc6 Rh2+ 58. Kg1 Be3+ 59. Kf1 Rf2+ 60. Ke1 g2 0-1

[Event "ECC"]
[Site "Rethymnon GRE"]
[Date "2003.09.30"]
[Round "3"]
[White "Grivas,E"]
[Black "Koerholz,L"]
[Result "1-0"]
[WhiteElo "2492"]
[BlackElo "2336"]
[EventDate "2003.09.28"]

1. d4 c5 2. d5 Nf6 3. c4 b5 4. Bg5 Ne4 5. Bf4 d6 6. f3 Qa5+ 7. Nd2 Nf6 8.
e4 bxc4 9. Bxc4 g6 10. Ne2 Bg7 11. Nc3 O-O 12. O-O Ba6 13. Qe2 Nfd7 14.
Rfc1 Ne5 15. Bxa6 Qxa6 16. Nb5 Qb6 17. Be3 Na6 18. a3 Rab8 19. Nc3 Qb7 20.
Rab1 Rfc8 21. f4 Nd7 22. Nc4 Qc7 23. Na4 Rb3 24. Bd2 Rbb8 25. Na5 Nb6 26.
Qxa6 Nxa4 27. Nc6 Rxb2 28. Rxb2 1-0

[Event "ECC"]
[Site "Rethymnon GRE"]
[Date "2003.09.30"]
[Round "3"]
[White "Kouvatsos,F"]
[Black "Trauth,M"]
[Result "0-1"]
[WhiteElo "2067"]
[BlackElo "2202"]
[EventDate "2003.09.28"]

1. d4 Nf6 2. c4 c5 3. d5 b5 4. cxb5 a6 5. bxa6 g6 6. Nc3 Bxa6 7. e4 Bxf1 8.
Kxf1 d6 9. Nf3 Bg7 10. h3 O-O 11. Kg1 Nbd7 12. Kh2 Nb6 13. Re1 Qd7 14. Re2
Rfb8 15. Qc2 Na4 16. Rb1 Nxc3 17. bxc3 Qa7 18. Bg5 h6 19. Bxf6 Bxf6 20.
Rxb8+ Rxb8 21. Qc1 Qa6 22. Rb2 Rxb2 23. Qxb2 Qc4 24. Qb1 Bxc3 25. Kg1 Bg7
26. Nd2 Qe2 27. Nf3 c4 28. a4 c3 29. Ne1 Bd4 30. Nc2 Bxf2+ 31. Kh1 Qxe4 32.
a5 Qxd5 33. a6 Kg7 34. Nb4 Qd2 35. Qa1 Qb2 36. Qf1 c2 37. Nd3 Qb1 38. Nc1
Be3 0-1

[Event "ECC"]
[Site "Rethymnon GRE"]
[Date "2003.09.30"]
[Round "3"]
[White "Chuchelov,V"]
[Black "Arduman,C"]
[Result "1-0"]
[WhiteElo "2608"]
[BlackElo "2336"]
[EventDate "2003.09.28"]

1. Nf3 Nf6 2. c4 e6 3. Nc3 d5 4. d4 Be7 5. Qc2 c5 6. cxd5 cxd4 7. Nxd4 O-O
8. Bg5 Nxd5 9. Bxe7 Nxe7 10. Rd1 Qb6 11. Qb3 Qxb3 12. Nxb3 Bd7 13. e3 b6
14. Be2 a6 15. Rd6 Bc6 16. O-O Ra7 17. Rfd1 Nc8 18. R6d2 Rc7 19. e4 b5 20.
a3 Nb6 21. f3 Rd7 22. Rxd7 N8xd7 23. Na5 Rc8 24. Na2 Nb8 25. Nb4 Be8 26.
Rd6 Na4 27. b3 Nc5 28. Kf2 Kf8 29. Ke3 Ke7 30. e5 g5 31. g3 Rc7 32. f4
gxf4+ 33. gxf4 f6 34. Kd4 fxe5+ 35. fxe5 Ncd7 36. Nxa6 Rc2 37. Bd3 Rxh2 38.
Nxb8 Nxb8 39. Rb6 Rh4+ 40. Kc3 Nd7 41. Rxb5 Rh3 42. Nc6+ Kf8 43. Nd4 Re3
44. Nxe6+ Ke7 45. Nc7 Bf7 46. Kd4 Rg3 47. e6 1-0

[Event "ECC"]
[Site "Rethymnon GRE"]
[Date "2003.09.30"]
[Round "3"]
[White "Yilmaz,T"]
[Black "Glek,I"]
[Result "1/2-1/2"]
[WhiteElo "2314"]
[BlackElo "2566"]
[EventDate "2003.09.28"]

1. e4 e6 2. d4 d5 3. exd5 exd5 4. Bd3 c5 5. Qe2+ Be7 6. dxc5 Nf6 7. Nc3 O-O
8. Bg5 h6 9. Bxf6 Bxf6 10. Qd2 Be6 11. Nge2 Nd7 12. Nf4 Nxc5 13. O-O-O Qb6
14. Nh5 Be7 15. Be2 Ne4 16. Nxe4 dxe4 17. Qc3 f6 18. Bc4 Rac8 19. Bxe6+
Qxe6 20. Qb3 Qxb3 21. axb3 f5 22. Ng3 Bc5 23. f3 exf3 24. gxf3 Rcd8 25. c3
g6 26. b4 Bd6 27. Kc2 Kg7 28. b5 h5 29. Ne2 Rfe8 30. Rd2 Bc7 31. Rxd8 Bxd8
32. Kd3 Bb6 33. Nd4 Kf6 34. b4 f4 35. Nc2 g5 36. h3 Rd8+ 37. Ke2 Re8+ 38.
Kd3 Rd8+ 39. Ke2 Be3 40. Rd1 Rxd1 41. Kxd1 Bg1 42. Ke2 Kf5 43. c4 Bb6 44.
c5 Bc7 45. Kd3 Ke5 46. Nd4 Kd5 47. Nf5 Be5 48. c6 b6 49. Nd4 Bc7 50. Ne2
Bd6 51. Nc3+ Ke6 52. Kc4 Be5 53. Ne4 Kf5 54. Kd5 Bb8 55. Nd6+ Kg6 56. Ne4
Kf5 57. Nf2 Bc7 58. Nd3 g4 59. hxg4+ hxg4 60. fxg4+ Kxg4 61. Ke6 Kf3 62.
Kd7 Ke3 63. Kxc7 Kxd3 64. Kb7 f3 65. c7 f2 66. c8=Q f1=Q 67. Kxa7 Qf4 68.
Kxb6 Qxb4 69. Qc5 Qg4 70. Ka6 Ke2 71. Qc2+ Ke1 72. b6 Qe6 73. Qb1+ Kd2 74.
Qb4+ Ke2 75. Qb5+ Ke1 76. Ka7 Qe3 77. Qd7 Qa3+ 78. Kb8 Qf8+ 79. Kc7 Qf4+
80. Qd6 Qf7+ 81. Kd8 Kf1 82. Qd3+ Kf2 83. Qd4+ Kf1 84. Qd1+ Kg2 85. Qc2+
Kf1 86. Qb1+ Kf2 87. Qb2+ Kg1 88. Qd4+ Kf1 89. Qd6 Qg8+ 90. Kc7 Qf7+ 91.
Kc6 Qc4+ 92. Qc5 Qe6+ 93. Kb5 Qe8+ 94. Kb4 Qe1+ 95. Qc3 Qe7+ 96. Kb3 Kg1
97. Qg3+ Kh1 98. Qf3+ Kh2 99. b7 Qe6+ 100. Kb2 Qb6+ 101. Qb3 Qf6+ 102. Kc1
Qf4+ 103. Kb2 Qf6+ 104. Ka2 Qa6+ 105. Kb1 Qf1+ 106. Kb2 1/2-1/2

[Event "ECC"]
[Site "Rethymnon GRE"]
[Date "2003.09.30"]
[Round "3"]
[White "Ulucan,T"]
[Black "Meessen,R"]
[Result "0-1"]
[WhiteElo "2103"]
[BlackElo "2279"]
[EventDate "2003.09.28"]

1. e4 c5 2. Nf3 d6 3. d4 cxd4 4. Nxd4 Nf6 5. Nc3 g6 6. Be3 Bg7 7. f3 O-O 8.
Qd2 Nc6 9. O-O-O Nxd4 10. Bxd4 Be6 11. Kb1 Qc7 12. h4 Rfc8 13. h5 Qa5 14.
hxg6 hxg6 15. g4 Rxc3 16. Qxc3 Qxa2+ 17. Kc1 Bxg4 18. Bg2 Rc8 19. Qa3 Qxa3
20. bxa3 Bd7 21. Bxa7 Ba4 22. Rd2 Nh5 23. Kb1 Bc3 24. Rf2 b6 25. Kc1 Bd4
26. Bh3 Rc7 27. Rfh2 Rxa7 28. Rd1 Be5 29. Rf2 Rc7 30. Bf1 Nf4 31. Kb1 Rc3
32. Ka2 Bd7 33. Ra1 Be6+ 0-1

[Event "ECC"]
[Site "Rethymnon GRE"]
[Date "2003.09.30"]
[Round "3"]
[White "Huesmann,T"]
[Black "Solakoglu,O"]
[Result "1-0"]
[WhiteElo "2282"]
[BlackElo "2084"]
[EventDate "2003.09.28"]

1. e4 e5 2. Nf3 Nc6 3. Bc4 Bc5 4. c3 Nf6 5. d3 O-O 6. Nbd2 a6 7. h3 d6 8.
O-O Na5 9. b4 Nxc4 10. Nxc4 Ba7 11. Be3 Be6 12. Bxa7 Rxa7 13. Ne3 h6 14. c4
Nh7 15. d4 f5 16. exf5 e4 17. Nd2 Bf7 18. d5 Nf6 19. Nb3 b5 20. Nd4 Qe8 21.
Ne6 Bxe6 22. dxe6 bxc4 23. Qd4 Rb7 24. Qxc4 c6 25. a3 Rb5 26. Rac1 d5 27.
Qd4 a5 28. Rc5 Rxc5 29. Qxc5 axb4 30. axb4 Qb8 31. Ra1 Qb5 32. Qxb5 cxb5
33. Rd1 Rd8 34. e7 Rd7 35. Rxd5 Rxe7 36. Rxb5 Rc7 37. g4 Kf7 38. Kg2 Ke7
39. h4 Rc1 40. Rb7+ Kf8 41. Kg3 Rg1+ 42. Kf4 h5 43. g5 Ng4 44. Nxg4 Rxg4+
45. Ke5 Rxh4 46. Ke6 Kg8 47. g6 1-0

[Event "ECC"]
[Site "Rethymnon GRE"]
[Date "2003.09.30"]
[Round "3"]
[White "Akman,O"]
[Black "Plumanns,D"]
[Result "0-1"]
[WhiteElo "2013"]
[BlackElo "2220"]
[EventDate "2003.09.28"]

1. e4 c5 2. Nf3 d6 3. c3 Nf6 4. Be2 Nc6 5. d3 Bg4 6. O-O e6 7. Nbd2 Be7 8.
Re1 Qc7 9. h3 Bh5 10. Nf1 d5 11. Ng3 Bg6 12. Bf1 dxe4 13. dxe4 Rd8 14. Qa4
O-O 15. Bb5 Nd7 16. Bxc6 bxc6 17. Bg5 Nb6 18. Qc2 f6 19. Bh4 Rd7 20. Nf1
Rfd8 21. Bg3 e5 22. Nh4 Bf7 23. Nf5 Bf8 24. N5e3 Rd3 25. b3 c4 26. Rad1 Qd7
27. b4 c5 28. a3 cxb4 29. axb4 Qc6 30. f3 Na4 31. Nd5 Bxd5 32. exd5 R8xd5
33. Ra1 Nxc3 34. Rxa7 Bxb4 35. Bf2 Nb5 36. Raa1 Bxe1 0-1

[Event "ECC"]
[Site "Rethymnon GRE"]
[Date "2003.09.30"]
[Round "3"]
[White "Tzermiadianos,And"]
[Black "Gretarsson,H"]
[Result "0-1"]
[WhiteElo "2418"]
[BlackElo "2513"]
[EventDate "2003.09.28"]

1. e4 e5 2. Nf3 Nc6 3. Bc4 Bc5 4. c3 Nf6 5. d3 a6 6. Bb3 Ba7 7. Nbd2 O-O 8.
Nc4 d5 9. exd5 Nxd5 10. O-O f6 11. Re1 Kh8 12. h3 b5 13. Ne3 Nf4 14. d4
exd4 15. cxd4 Ne7 16. Nc2 Neg6 17. Bxf4 Nxf4 18. Qd2 Qd6 19. Ne3 g6 20. d5
Bb7 21. Rad1 Rad8 22. Nd4 Nxd5 23. Nxd5 Bxd5 24. Ne6 Bxe6 25. Qxd6 Rxd6 26.
Rxd6 Bxb3 27. Rxa6 Ra8 28. axb3 Bxf2+ 29. Kxf2 Rxa6 30. Re8+ Kg7 31. Re7+
Kf8 32. Rxc7 Ra2 33. Rc2 Ke7 34. Ke3 Kd6 35. Kd4 Ra1 36. Rd2 Rc1 37. Rf2 f5
38. g4 fxg4 39. hxg4 Rg1 40. Rf6+ Ke7 41. Rf4 Rg3 42. Kc5 Rxb3 43. Rf2 Ke6
44. Kc6 h6 45. Kc5 Ke5 46. Kc6 Ke4 47. Kd6 g5 48. Ke6 Rf3 49. Rh2 Kf4 50.
Rg2 Rg3 51. Rd2 Kxg4 52. Rd4+ Kh3 53. Rb4 h5 54. Kf5 h4 55. Rxb5 g4 56. b4
Rf3+ 57. Ke4 Rf1 0-1

[Event "ECC"]
[Site "Rethymnon GRE"]
[Date "2003.09.30"]
[Round "3"]
[White "Mastrokoukos,G"]
[Black "Asmundsson,I"]
[Result "1/2-1/2"]
[WhiteElo "2363"]
[BlackElo "2321"]
[EventDate "2003.09.28"]

1. e4 c5 2. b3 Nc6 3. Bb2 e5 4. f4 exf4 5. Nf3 Nf6 6. Nc3 d6 7. Nd5 Nxd5 8.
exd5 Nd4 9. Bxd4 cxd4 10. Bb5+ Bd7 11. Bxd7+ Qxd7 12. Nxd4 Be7 13. O-O g5
14. Qh5 Bf6 15. Ne6 Bxa1 16. Rxa1 Qe7 17. Re1 Qf6 18. Qh3 Rd8 19. Nxg5+ Kf8
20. Nxh7+ Rxh7 21. Qxh7 Re8 22. Rxe8+ Kxe8 23. Qe4+ Kf8 24. c3 Qg5 25. h3
f3 26. Qxf3 Qxd2 27. c4 Qxa2 28. Qg3 Qa3 29. Qe3 a5 30. h4 a4 31. Qh6+ Ke7
32. Qg5+ Ke8 33. bxa4 Qc5+ 34. Kh2 Qxc4 35. h5 Qxa4 36. h6 Qe4 37. Qg8+ Ke7
38. Qg5+ Ke8 39. Kh3 b5 40. Qg8+ Ke7 41. h7 Qf5+ 42. Kg3 Qe5+ 43. Kg4 Qe2+
44. Kh4 Qe1+ 45. Kg4 Qe2+ 46. Kh3 Qh5+ 47. Kg3 Qe5+ 48. Kg4 1/2-1/2

[Event "ECC"]
[Site "Rethymnon GRE"]
[Date "2003.09.30"]
[Round "3"]
[White "Bjornsson,S"]
[Black "Logothetis,S"]
[Result "1-0"]
[WhiteElo "2302"]
[BlackElo "2255"]
[EventDate "2003.09.28"]

1. e4 c6 2. d4 d5 3. exd5 cxd5 4. c4 Nf6 5. Nc3 e6 6. Nf3 Be7 7. cxd5 Nxd5
8. Bd3 O-O 9. O-O Nc6 10. Re1 Bf6 11. Be4 Nce7 12. h4 Bd7 13. Qd3 h6 14.
Ng5 Re8 15. Bxd5 hxg5 16. Bxb7 Rb8 17. hxg5 Bxd4 18. Be4 Qb6 19. Be3 Bxe3
20. Rxe3 Bc6 21. b3 Rbd8 22. Qe2 Bxe4 23. Nxe4 Qd4 24. Re1 Ng6 25. Qh5 Rd5
26. Rh3 Re5 27. Qh7+ Kf8 28. Rhe3 Rf5 29. Qh5 Rd8 30. Rf3 Qb4 31. Ree3 Rd1+
32. Kh2 Rd4 33. a3 Qb8+ 34. g3 Rxf3 35. Qxf3 Qd8 36. b4 Qd5 37. Nc5 Qxf3
38. Rxf3 Ke7 39. Rc3 Ne5 40. Kg2 f6 41. Re3 Rd6 42. gxf6+ gxf6 43. Re2 Nd3
44. Ne4 Rd4 45. Re3 Ne5 46. Nc5 Rd6 47. a4 Rc6 48. a5 Nd7 49. Nd3 Rc4 50.
f4 Kd6 51. Kf3 f5 52. Re2 Rc3 53. Ke3 Rc4 54. Rb2 Nf6 55. b5 Nd5+ 56. Kd2
Ra4 57. Ne5 Kc5 58. Nd7+ Kd6 59. b6 axb6 60. axb6 Rd4+ 61. Ke2 Re4+ 62. Kf2
Nb4 63. b7 Nd3+ 64. Kg2 Nxb2 65. b8=Q+ Kxd7 66. Qxb2 Kd6 67. Kf3 Rc4 68.
Qe5+ Ke7 69. g4 fxg4+ 70. Kxg4 Kd7 71. Kg5 Rc6 72. Kf6 Rd6 73. Qb5+ Kc7 74.
Ke7 Rc6 75. Qxc6+ 1-0

[Event "ECC"]
[Site "Rethymnon GRE"]
[Date "2003.09.30"]
[Round "3"]
[White "Kounalakis,E"]
[Black "Edvardsson,K"]
[Result "1/2-1/2"]
[WhiteElo "2158"]
[BlackElo "2253"]
[EventDate "2003.09.28"]

1. d4 Nf6 2. Nf3 e6 3. Bg5 c5 4. c3 d5 5. e3 Nbd7 6. Bd3 Be7 7. Nbd2 b6 8.
O-O Bb7 9. Qb1 Rc8 10. b4 cxb4 11. cxb4 h6 12. Bh4 O-O 13. Qb2 g5 14. Bg3
Ne4 15. Rfc1 Rxc1+ 16. Rxc1 Nxg3 17. hxg3 Qb8 18. Bb5 Qd6 19. a3 a6 20. Be2
Rc8 21. Rxc8+ Bxc8 22. Qc1 Bb7 23. Nb3 Bd8 24. Qf1 a5 25. bxa5 Qxa3 26. Qb1
bxa5 27. Nxa5 Ba8 28. Qb5 Nf6 29. Nb3 Kg7 30. Qb8 Be7 31. Nbd2 Bd6 32. Qc8
Qa2 33. Qa6 Qxa6 34. Bxa6 Bb4 35. Nb3 Bc6 36. Nc1 Ne4 37. Nd3 Bc3 38. Nfe5
Ba4 39. Nf3 Bd1 40. Nfe1 Be2 41. Nc2 Bd1 42. Ndb4 Kf6 43. Bd3 Ke7 44. Na2
Bd2 45. Nab4 Kd6 46. Kf1 Nc3 47. Na6 Na2 48. Ne1 Nc1 49. Bb5 Bc3 50. Nc5
Bb4 51. Na4 Nb3 52. Nd3 Ba5 53. Nac5 Nxc5 54. Nxc5 Bb4 55. Nd3 Ba3 56. Ne5
Ke7 57. Be2 1/2-1/2

[Event "ECC"]
[Site "Rethymnon GRE"]
[Date "2003.09.30"]
[Round "3"]
[White "Halldorsson,Br"]
[Black "Petsetidi,M"]
[Result "1-0"]
[WhiteElo "2238"]
[BlackElo "2011"]
[EventDate "2003.09.28"]

1. d4 Nf6 2. c4 e5 3. dxe5 Ne4 4. Nf3 b6 5. g3 Bb7 6. Bg2 Bb4+ 7. Nbd2 Qe7
8. O-O Nxd2 9. Bxd2 Bxd2 10. Qxd2 Nc6 11. Qg5 Qxg5 12. Nxg5 h6 13. Nh3
O-O-O 14. f4 Rde8 15. Rad1 g5 16. Kf2 g4 17. Ng1 h5 18. h4 Rhf8 19. Rd2 f6
20. exf6 Rxf6 21. Rfd1 d6 22. b3 Nd8 23. Bxb7+ Kxb7 24. Rd5 Rh6 25. R1d3
Nf7 26. Re3 Rf8 27. Rf5 Rhh8 28. Re7 Ne5 29. Rxf8 Rxf8 30. Rh7 Rf5 31. e4
Rf8 32. Ke3 Nc6 33. Ne2 Nb4 34. a4 Re8 35. f5 Nc2+ 36. Kf4 Ne1 37. f6 Re5
38. Ke3 Re6 39. f7 Rf6 40. Nf4 Kc6 41. Ne6 Nc2+ 42. Ke2 1-0

[Event "ECC"]
[Site "Rethymnon GRE"]
[Date "2003.09.30"]
[Round "3"]
[White "Spice,A"]
[Black "Ebner,H"]
[Result "0-1"]
[WhiteElo "2181"]
[BlackElo "2256"]
[EventDate "2003.09.28"]

1. Nc3 c5 2. f4 Nc6 3. Nf3 g6 4. g3 Bg7 5. Bg2 d5 6. O-O e6 7. d3 Nge7 8.
e4 O-O 9. e5 Nd4 10. Nxd4 cxd4 11. Nb5 Qb6 12. Nd6 Bd7 13. a4 f6 14. Qe2
fxe5 15. fxe5 Rxf1+ 16. Bxf1 Nc6 17. Ra3 Nxe5 18. Nb5 a6 19. Bf4 Nf7 20.
Nc7 Rd8 21. Bh3 e5 22. Nxd5 Qd6 0-1

[Event "ECC"]
[Site "Rethymnon GRE"]
[Date "2003.09.30"]
[Round "3"]
[White "Loebler,H"]
[Black "Trevelyan,J"]
[Result "1/2-1/2"]
[WhiteElo "2216"]
[BlackElo "2150"]
[EventDate "2003.09.28"]

1. c4 Nc6 2. Nc3 Nf6 3. g3 e5 4. Bg2 Bc5 5. e3 O-O 6. Nge2 d6 7. O-O Bf5 8.
d4 exd4 9. exd4 Bb6 10. a3 a5 11. h3 Re8 12. Be3 Qc8 13. Kh2 Nb8 14. Nb5
Rd8 15. Qc1 Bd3 16. Re1 d5 17. b3 c6 18. Nf4 Be4 19. c5 Bc7 20. Nxc7 Qxc7
21. b4 Bxg2 22. Kxg2 axb4 23. axb4 Na6 24. Qb2 Qd7 25. Nd3 Nc7 26. Ne5 Qe8
27. Bg5 Rxa1 28. Qxa1 Ra8 29. Qd1 Ne4 30. Be3 f6 31. Nd3 Nb5 32. Qg4 Qg6
33. Qe6+ Qf7 34. Qg4 h5 35. Qf3 Ra3 36. Qd1 Nbc3 37. Qc1 Ra2 38. h4 Qg6 39.
Bf4 Qf5 40. Qe3 Kh7 41. Qf3 Nb5 42. Be3 Qxf3+ 43. Kxf3 Ra3 44. Rd1 Nbc3 45.
Re1 g5 46. hxg5 fxg5 47. Ne5 Nb5 48. Kg2 Rb3 49. Rh1 Kh6 50. Nf7+ Kg6
1/2-1/2

[Event "ECC"]
[Site "Rethymnon GRE"]
[Date "2003.09.30"]
[Round "3"]
[White "Herndl,G"]
[Black "Davies,Pe"]
[Result "1-0"]
[WhiteElo "2181"]
[BlackElo "2042"]
[EventDate "2003.09.28"]

1. Nf3 c5 2. e4 e6 3. d3 d6 4. g3 g6 5. Bg2 Bg7 6. O-O Ne7 7. Nc3 Nbc6 8.
Be3 O-O 9. Qd2 Nd4 10. Bh6 Rb8 11. a4 a6 12. h4 Nxf3+ 13. Bxf3 e5 14. Kg2
Be6 15. h5 Kh8 16. Rh1 Ng8 17. Be3 g5 18. Bxg5 Bf6 19. Be3 Qd7 20. Rag1 Bg7
21. Kf1 h6 22. g4 f6 23. Ne2 Qxa4 24. Ng3 Rf7 25. Nf5 Bxf5 26. gxf5 Qe8 27.
Rg6 Qf8 28. Bd1 Rd8 29. c3 b5 30. Bb3 d5 31. Bxd5 Rxd5 32. exd5 Qc8 33.
Bxh6 Qxf5 34. Bxg7+ Rxg7 35. Rxg7 Kxg7 36. Qe3 Ne7 37. h6+ Kh8 38. Qg3 Ng6
39. Rg1 Kh7 40. Qxg6+ 1-0

[Event "ECC"]
[Site "Rethymnon GRE"]
[Date "2003.09.30"]
[Round "3"]
[White "Nyysti,S"]
[Black "Lukashok,A"]
[Result "0-1"]
[WhiteElo "2399"]
[BlackElo "2390"]
[EventDate "2003.09.28"]

1. e4 d6 2. d4 Nf6 3. Nc3 g6 4. Be3 c6 5. Qd2 b5 6. Bd3 Nbd7 7. Nf3 Bb7 8.
O-O e5 9. dxe5 dxe5 10. Ne2 a6 11. Ng3 Bg7 12. c4 O-O 13. h3 Qe7 14. Rac1
Rfd8 15. cxb5 axb5 16. a3 Nf8 17. Bc5 Qe8 18. Qc2 N6d7 19. Be3 Ne6 20. Ng5
Ndf8 21. Nxe6 Nxe6 22. Qb3 Nf4 23. Rfd1 Qe7 24. Bb1 h5 25. Rxd8+ Rxd8 26.
Rd1 h4 27. Nf1 Bc8 28. Bc5 Qg5 29. Rxd8+ Qxd8 30. Qf3 Ne6 31. Qe3 Qd1 32.
Ba2 Nf4 33. f3 Bh6 34. Qb3 Qxb3 35. Bxb3 Nd3 36. Bd6 Bf8 37. Bxf8 Kxf8 38.
Nd2 Nxb2 39. Kf2 c5 40. Bd5 c4 41. Nb1 Na4 42. Ke2 Ke7 43. Kd2 Be6 44. Bc6
Bd7 45. Bd5 f5 46. Nc3 Nc5 47. Ke3 Nd3 48. Bb7 Ne1 49. exf5 gxf5 50. Kd2
Nxg2 51. Ba6 Nf4 52. Nxb5 Nxh3 53. Nc3 Nf4 54. Bxc4 h3 55. Nd1 h2 56. Nf2
Bc6 57. Be2 Nh3 58. Nh1 f4 0-1